|
|
|
|
| LEADER |
00000nam0a2200000 4500 |
| 001 |
277564 |
| 005 |
20231101235028.0 |
| 035 |
|
|
|a (RuTPU)RU\TPU\book\300840
|
| 090 |
|
|
|a 277564
|
| 100 |
|
|
|a 20141204d1985 km y0rusy50 ca
|
| 101 |
0 |
|
|a rus
|
| 102 |
|
|
|a RU
|
| 105 |
|
|
|a a z 001zy
|
| 200 |
1 |
|
|a Автоматизация процессов производства кровельных и гидроизоляционных материалов
|f Л. Т. Хоров, Ю. Д. Воробьев
|
| 205 |
|
|
|a 2-е изд., перераб. и доп.
|
| 210 |
|
|
|a Ленинград
|c Стройиздат
|d 1985
|
| 215 |
|
|
|a 224 с.
|c ил.
|
| 320 |
|
|
|a Библиогр.: с. 220-221
|
| 606 |
1 |
|
|a Строительные конструкции
|x Гидроизоляция
|2 stltpush
|3 (RuTPU)RU\TPU\subj\57345
|9 75207
|
| 606 |
1 |
|
|a Кровельные материалы
|2 stltpush
|3 (RuTPU)RU\TPU\subj\16509
|9 42480
|
| 610 |
1 |
|
|a рулонные материалы
|
| 610 |
1 |
|
|a технология
|
| 610 |
1 |
|
|a оборудование
|
| 610 |
1 |
|
|a кровельный картон
|
| 610 |
1 |
|
|a производство
|
| 610 |
1 |
|
|a автоматизация
|
| 610 |
1 |
|
|a тиристорные электроприводы
|
| 610 |
1 |
|
|a автоматическое регулирование
|
| 610 |
1 |
|
|a автоматические регуляторы
|
| 610 |
1 |
|
|a автоматизированное оборудование
|
| 610 |
1 |
|
|a вычислительная техника
|
| 610 |
1 |
|
|a АСУ ТП
|
| 610 |
1 |
|
|a автоматизированные системы
|
| 675 |
|
|
|a 691:699.82
|v 4
|
| 675 |
|
|
|a 691.024
|v 4
|
| 700 |
|
1 |
|a Хоров
|b Л. Т.
|g Леонид Тимофеевич
|
| 701 |
|
1 |
|a Воробьев
|b Ю. Д.
|g Юрий Дмитриевич
|
| 801 |
|
1 |
|a RU
|b 63413507
|c 20141204
|
| 801 |
|
2 |
|a RU
|b 63413507
|c 20170406
|g RCR
|
| 942 |
|
|
|c BK
|